|
|
|
|
| LEADER |
01386nam a2200337 a 4500 |
| 001 |
29722 |
| 003 |
BD-DhAAL |
| 005 |
20230525144646.0 |
| 008 |
150823m19929999nyua b 001 0 eng |
| 010 |
|
|
|a 91022910
|
| 020 |
|
|
|a 978023119458
|
| 020 |
|
|
|a 9780231139441 (v. 3 : acidfree paper)
|
| 040 |
|
|
|a DLC
|c DLC
|d DLC
|d BD-DhAAL
|
| 041 |
1 |
|
|a eng
|
| 050 |
0 |
0 |
|a DG575.G69
|b A5 1992
|
| 082 |
0 |
0 |
|a 335.43092
|2 23
|
| 100 |
1 |
|
|a Gramsci, Antonio,
|d 1891-1937.
|9 14015
|
| 240 |
1 |
0 |
|a Quaderni del carcere.
|l English
|
| 245 |
1 |
0 |
|a Prison notebooks :
|c Antonio Gramsci ; edited with introduction by Joseph A. Buttigieg ; translated by Joseph A. Buttigieg and Antonio Callari.
|b volume III /
|
| 260 |
|
|
|a New York :
|b Columbia University Press,
|c c1992-<c2007 >
|
| 300 |
|
|
|a v. 3 :
|b ill. ;
|c 24 cm.
|
| 490 |
|
0 |
|a European perspectives
|
| 500 |
|
|
|a Translation of: Quaderni del carcere.
|
| 500 |
|
|
|a Vol. 2: Edited and translated by Joseph A. Buttigieg.
|
| 504 |
|
|
|a Includes bibliographical references and indexes.
|
| 541 |
|
|
|e 29722
|
| 600 |
1 |
0 |
|a Gramsci, Antonio,
|d 1891-1937
|v Notebooks, sketchbooks, etc.
|9 14012
|
| 700 |
1 |
|
|a Buttigieg, Joseph A.
|9 14013
|
| 942 |
|
|
|2 ddc
|c BK
|
| 999 |
|
|
|c 35308
|d 35308
|
| 952 |
|
|
|0 0
|1 0
|2 ddc
|4 0
|6 335_430920000000000_GRA
|7 0
|9 55484
|a BRACUL
|b BRACUL
|c GEN
|d 2015-08-23
|e Karim International
|g 1604.00
|l 0
|o 335.43092 GRA
|p 3010029722
|r 2015-08-23
|t 1
|w 2015-08-23
|y BK
|